000 01764nam a2200253Ia 4500
008 260220t1933||||xx |||||||||||||| ||spa||
040 _aPY-SlUNAC
_bspa
_erda
041 _aspa
082 _a639.3
_bD496p
100 _aDevincenzi, Garibaldi J.
_eAutor
245 0 _aPeces del Uruguay notas complementarias /
_cpor Garibaldi J. Devincenzi [Autor]
264 _aMontevideo :
_bImprenta Nacional,
_c℗1933.
300 _a1 volumen
490 _a
_vvolumen 2
520 _aEl libro "Peces del Uruguay: notas complementarias" de Garibaldi J. Devincenzi es una obra fundamental para el estudio de la ictiología en la región uruguaya. Publicado en 1933, el texto se centra en la diversidad de especies de peces que habitan en las aguas de Uruguay, ofreciendo una descripción detallada de sus características morfológicas, hábitats y comportamientos. Devincenzi combina observaciones de campo con información científica, contribuyendo así al conocimiento sobre la ecología acuática del país. Además, el autor proporciona datos sobre la distribución geográfica de cada especie, así como aspectos de su reproducción y alimentación. Este trabajo no solo es valioso para biólogos y ecologistas, sino también para pescadores y aficionados a la naturaleza, al brindar un marco comprensible sobre la riqueza ictiológica uruguaya. En suma, las "notas complementarias" enriquecen la literatura científica sobre la fauna acuática de Uruguay y subrayan la importancia de la conservación de estos ecosistemas.
651 _aUruguay
653 _aFauna
653 _aIchthyology
942 _b2026/02/17
_cBK
999 _c8718
_d8718